[Event "27th Carlos Torre Mem"]
[Site "Merida MEX"]
[Date "2015.12.21"]
[Round "9.6"]
[White "Cordova, Emilio"]
[Black "Dominguez Aguilar, Guillermo"]
[Result "1-0"]
[WhiteTitle "GM"]
[BlackTitle "IM"]
[WhiteElo "2611"]
[BlackElo "2301"]
[WhiteFideId "3801497"]
[BlackFideId "5105439"]
[EventDate "2015.12.17"]

1. d4 Nf6 2. Bg5 c5 3. d5 d6 4. Nc3 Nbd7 5. e4 g6 6. Qd2 Bg7 7. f4 O-O 8. Nf3 a6
9. a4 Qc7 10. Bc4 Nb6 11. Ba2 Bg4 12. O-O c4 13. Rae1 Nbd7 14. Nd4 Qc5 15. h3
Nxe4 16. Rxe4 Bf5 17. Rd1 1-0

[Event "27th Carlos Torre Mem"]
[Site "Merida MEX"]
[Date "2015.12.21"]
[Round "9.7"]
[White "Leon Oquendo, Jorge"]
[Black "Martinez Duany, Lelys Stanley"]
[Result "0-1"]
[WhiteTitle "FM"]
[BlackTitle "GM"]
[WhiteElo "2398"]
[BlackElo "2504"]
[WhiteFideId "3514803"]
[BlackFideId "3504727"]
[EventDate "2015.12.17"]

1. d4 Nf6 2. c4 c5 3. d5 e5 4. Nc3 d6 5. e4 Nbd7 6. g3 Be7 7. Bg2 O-O 8. Nge2 a6
9. a4 Rb8 10. O-O Ne8 11. f4 Nc7 12. Qd3 Bf6 13. Be3 b6 14. Rfb1 g6 15. Ra2 Bg7
16. b3 f5 17. exf5 gxf5 18. Rd2 e4 19. Qc2 b5 20. Rdd1 b4 21. Na2 Nf6 22. h3 h5
23. h4 Ng4 24. Qd2 Rf6 25. Bh3 Rg6 26. Bxg4 Rxg4 27. Kf1 Ne8 28. Qe1 Qf6 29. Ng1
Qg6 30. Bf2 Bd4 31. Ne2 e3 32. Bg1 Nf6 33. Bh2 Ne4 34. Nac1 Bc3 0-1

[Event "27th Carlos Torre Mem"]
[Site "Merida MEX"]
[Date "2015.12.21"]
[Round "9.8"]
[White "Ortega Amarelle, Mariano"]
[Black "Aguero Jimenez, Luis Lazaro"]
[Result "1-0"]
[WhiteTitle "IM"]
[BlackTitle "IM"]
[WhiteElo "2466"]
[BlackElo "2453"]
[WhiteFideId "3504301"]
[BlackFideId "3508455"]
[EventDate "2015.12.17"]

1. d4 Nf6 2. c4 g6 3. Nc3 d5 4. Nf3 Bg7 5. e3 O-O 6. Qb3 c5 7. cxd5 Nbd7 8. Bc4
cxd4 9. Nxd4 Nb6 10. O-O Qc7 11. Be2 Ng4 12. Nf3 e6 13. Nb5 Qc5 14. Bd2 Nxd5 15.
e4 a6 16. exd5 axb5 17. Bb4 Qxd5 18. Bxf8 Kxf8 19. Qb4+ 1-0